| 000 | 00926nam a22002537a 4500 | ||
|---|---|---|---|
| 005 | 20110311152653.0 | ||
| 008 | 110311t xxu||||| |||| 00| 0 eng d | ||
| 010 | _aENG-102112 | ||
| 020 |
_a9788184840834 _c1150.00 |
||
| 035 | _aEN-85645 | ||
| 037 | _bDBAD / PUB | ||
| 040 |
_adpl _bEng |
||
| 082 | _a338.954 | ||
| 100 |
_926476 _aKhanna, Hema |
||
| 245 |
_aEconomic development and ecological degradation / _cby Hema Khanna ; foreworded by G. S. Bhalla |
||
| 260 |
_aNew Delhi _bRegal Publications _c2010 |
||
| 270 |
_aF-159, Rajouri Garden _bNew Delhi _e110027 |
||
| 300 |
_axviii, 275p. _c23cm (Hb) |
||
| 500 | _aIncludes bibliographical references and index | ||
| 650 | _926478 | ||
| 700 | _926477 | ||
| 942 |
_2ddc _cEN _mKHA _h338.954 |
||
| 999 |
_c51022 _d51022 |
||